| 000 | 01416nam0a2200325 4500 | ||
|---|---|---|---|
| 001 | RU\NLR\BIBL_A\022367327 | ||
| 005 | 20260420020628.0 | ||
| 010 |
_a978-5-6042543-1-8 _9500 |
||
| 021 |
_aRU _bКН-П-24-055328 _9КН-П-24-5510 |
||
| 035 | _a(NLR Aleph) 022367327 | ||
| 090 |
_a13668691 _c13668691 |
||
| 100 | _a20241030d2018 u y0rusy50 ca | ||
| 101 | 0 | _arus | |
| 102 | _aRU | ||
| 105 | _aach z 000yy | ||
| 181 | 0 |
_ai3 _baxxe |
|
| 181 | 0 |
_ab2 _bbb2e |
|
| 182 | 0 | _an | |
| 200 | 1 |
_aКарачаевская порода лошадей в документах _fавтор-составитель К.-Г. М. Урусов, Заслуженный работник сельского хозяйства КЧР |
|
| 203 |
_aТекст _aИзображение _bвизуальные _cнепосредственные |
||
| 210 |
_aЧеркесск _cПросто _d2018 |
||
| 215 |
_a435 с. _cил., цв. ил., портр., факс. _d25 |
||
| 300 | _aНа обл. авт.: Кълыч-Герий Урусов | ||
| 606 | 1 |
_aКарачаевские лошади _jДокументы и материалы _91368661 _3RU\NLR\AUTH\66573265 |
|
| 686 | 1 | _aП611.39 Карачаевские.я45 | |
| 700 | 1 |
_aУрусов _bК.- Г. М. _f1942- _gКлыч-Герий Магометович _3RU\NLR\AUTH\770274005 |
|
| 942 | _cBOOK | ||
| 980 | _aNB | ||